[Event "U.S. Amateur North"]
[Site "Detroit, MI"]
[Date "1999.05.30"]
[Round "4"]
[White "Everett, Morgan"]
[Black "Palmer, Tony"]
[Result "1/2-1/2"]
[WhiteElo "2134"]
[BlackElo "2060"]
[PlyCount "79"]
[EventDate "1999.05.29"]

1. e4 e5 2. Nf3 Nc6 3. d4 exd4 4. Bc4 Bc5 5. c3 dxc3 6. Nxc3 d6 7. O-O Nf6 8.
Bg5 h6 9. Bh4 g5 10. Bg3 Nh5 11. Ne5 Nxe5 12. Bxe5 Nf6 13. Bg3 O-O 14. e5 dxe5
15. Qc2 e4 16. Nxe4 Nxe4 17. Qxe4 Qd4 18. Qg6+ Qg7 19. Qxg7+ Kxg7 20. Bxc7 Bd4
21. Rfd1 Bf6 22. Bd5 a5 23. Rac1 a4 24. Rc5 Bxb2 25. Bg3 a3 26. Rc7 Ra6 27. h4
Be6 28. Bxe6 Rxe6 29. Rdd7 b6 30. Ra7 gxh4 31. Bd6 Re1+ 32. Kh2 Be5+ 33. Bxe5+
Rxe5 34. Rxa3 Rf5 35. f3 b5 36. Raa7 Rb8 37. Kh3 Rf4 38. Rab7 Ra8 39. Ra7 Rb8
40. Rab7 1/2-1/2

[Event "Texas State Championship--Amateur"]
[Site "Dallas, Tex."]
[Date "1999.05.30"]
[Round "3"]
[White "Eckert, Allen"]
[Black "Moody, David"]
[Result "0-1"]
[WhiteElo "1757"]
[BlackElo "1959"]
[PlyCount "90"]
[EventDate "1999.05.29"]

1. d4 Nf6 2. Nc3 g6 3. e4 d6 4. f4 Bg7 5. Nf3 c5 6. Bb5+ Bd7 7. e5 Ng4 8. e6
fxe6 9. Ng5 Bxb5 10. Nxb5 Qa5+ 11. Bd2 Qxb5 12. Qxg4 Qxb2 13. Qxe6 Nc6 14. O-O
Qxd4+ 15. Be3 Qxe3+ 16. Qxe3 Bd4 17. Rae1 Bxe3+ 18. Rxe3 Kd7 19. Rfe1 Rae8 20.
c3 h6 21. Ne6 Rh7 22. g4 Rf7 23. a4 Nd8 24. f5 gxf5 25. gxf5 Rxf5 26. Ng7 Rg5+
27. Rg3 Rxg3+ 28. hxg3 Rg8 29. Nf5 e6 30. Nxh6 Rxg3+ 31. Kf2 Rxc3 32. Ng8 Ra3
33. Nf6+ Kc6 34. Re4 d5 35. Rg4 Nf7 36. Rg7 Nd6 37. Nd7 Rxa4 38. Ne5+ Kb5 39.
Rd7 Ne4+ 40. Ke3 b6 41. Re7 c4 42. Rxe6 c3 43. Nd3 Nc5 44. Re5 d4+ 45. Ke2 Ra2+
0-1

[Event "U.S. Amateur North U1600"]
[Site "Detroit, MI"]
[Date "1999.05.30"]
[Round "4"]
[White "Dolin, Jack"]
[Black "Shukla, Ravi"]
[Result "1-0"]
[WhiteElo "1410"]
[BlackElo "1074"]
[PlyCount "125"]
[EventDate "1999.05.29"]

1. d4 d5 2. c4 c6 3. Nc3 Nf6 4. Bg5 Nbd7 5. e3 h6 6. Bh4 e6 7. Nf3 Be7 8. Rc1
Qb6 9. Rc2 O-O 10. Ne5 Re8 11. Bg3 c5 12. Be2 cxd4 13. exd4 Nxe5 14. Bxe5 Rd8
15. c5 Qa5 16. O-O Bd7 17. f4 Bxc5 18. dxc5 Qxc5+ 19. Qd4 Qxd4+ 20. Bxd4 Ne8
21. Rf3 Nd6 22. Bd3 Kh8 23. Rg3 f6 24. Bc5 Nf7 25. Bg6 Be8 26. Bxf7 Bxf7 27.
Nb5 e5 28. fxe5 fxe5 29. Nxa7 b6 30. Bxb6 Rd7 31. Ra3 d4 32. Rc7 Rad8 33. Nb5
d3 34. Rxd7 Rxd7 35. Nc3 Bh5 36. h3 d2 37. g4 Bg6 38. Ra8+ Kh7 39. Rd8 Rxd8 40.
Bxd8 Bc2 41. Bc7 e4 42. Kf2 Kg6 43. Ke3 h5 44. gxh5+ Kxh5 45. Kxd2 Bd3 46. Bg3
g5 47. Ke3 g4 48. Nxe4 Bb5 49. Nf6+ Kg5 50. Nxg4 Kf5 51. Kd4 Bc6 52. Kc5 Kg5
53. Kxc6 Kf5 54. Kd5 Kg5 55. Ke5 Kh5 56. a4 Kg5 57. a5 Kh5 58. a6 Kg5 59. a7
Kh5 60. a8=Q Kg5 61. Qg8+ Kh5 62. Nf6+ Kh6 63. Bf4# 1-0

[Event "U.S. Amateur North"]
[Site "Detroit, MI"]
[Date "1999.05.30"]
[Round "4"]
[White "Chehayeb, Sal"]
[Black "Levadi, David"]
[Result "1-0"]
[WhiteElo "2011"]
[BlackElo "1871"]
[PlyCount "39"]
[EventDate "1999.05.29"]

1. e4 Nc6 2. Nf3 d6 3. d4 Nf6 4. Nc3 Bg4 5. Be2 e5 6. d5 Bxf3 7. Bxf3 Nd4 8.
Be3 Nxf3+ 9. Qxf3 Qd7 10. h3 Be7 11. Qe2 a6 12. O-O b5 13. a3 h6 14. f4 exf4
15. Bxf4 Nh7 16. Rae1 Bf6 17. e5 dxe5 18. Bxe5 O-O-O 19. Qf2 Kb8 20. Qb6+ 1-0

[Event "U.S. Amateur North U1600"]
[Site "Detroit, MI"]
[Date "1999.05.30"]
[Round "5"]
[White "Boim, Sherman"]
[Black "Dolin, Jack"]
[Result "1-0"]
[WhiteElo "1500"]
[BlackElo "1410"]
[PlyCount "95"]
[EventDate "1999.05.29"]

1. e4 e6 2. d4 d5 3. exd5 exd5 4. c4 Nf6 5. Nc3 Bb4 6. Bd3 O-O 7. Nge2 Re8 8.
O-O Bg4 9. h3 Bxe2 10. Nxe2 Nbd7 11. Qb3 c5 12. cxd5 Nb6 13. a3 Ba5 14. dxc5
Qxd5 15. Qb5 Rad8 16. Nf4 Qe5 17. cxb6 Qxb5 18. Bxb5 Re5 19. Bc4 Bxb6 20. Be3
Bxe3 21. fxe3 Rxe3 22. Rad1 Rde8 23. Nd5 Nxd5 24. Bxd5 R3e7 25. Ba2 Kf8 26. Rf2
f6 27. Rfd2 Re2 28. Kf1 R2e5 29. Rd7 R5e7 30. Rxe7 Rxe7 31. Rd8+ Re8 32. Rd7
Re7 33. Rd8+ Re8 34. Rxe8+ Kxe8 35. Ke2 Ke7 36. Kd3 Kd6 37. Kd4 f5 38. g3 g5
39. Bg8 h5 40. h4 g4 41. Bh7 Ke6 42. Bg6 Kf6 43. Bxh5 f4 44. gxf4 Kf5 45. Ke3
b5 46. b3 a5 47. Bxg4+ Kxg4 48. Kd4 1-0

[Event "U.S. Amateur North U1600"]
[Site "Detroit, MI"]
[Date "1999.05.30"]
[Round "4"]
[White "Biache, August"]
[Black "Aldrich, Justin"]
[Result "0-1"]
[WhiteElo "1431"]
[BlackElo "1500"]
[PlyCount "102"]
[EventDate "1999.05.29"]

1. e4 e5 2. Nf3 d6 3. Bc4 Be7 4. h3 Nf6 5. d3 h6 6. O-O Nc6 7. c3 O-O 8. Nh4
Nxe4 9. Ng6 d5 10. Nxf8 Nxf2 11. Qf3 dxc4 12. Rxf2 Qxf8 13. dxc4 Be6 14. Na3 a6
15. Qg3 f5 16. b4 f4 17. Bxf4 exf4 18. Rxf4 Bf6 19. Raf1 Qd6 20. c5 Qd5 21. Re1
Qg5 22. Qxg5 Bxg5 23. Rfe4 Bf7 24. h4 Bf6 25. Nb1 Rd8 26. a3 Bg6 27. R4e3 Bxh4
28. g3 Bg5 29. Rf3 Rd3 30. Rxd3 Bxd3 31. Re8+ Kh7 32. Rc8 Bxb1 33. Rxc7 Bf6 34.
Rxb7 Bd3 35. Rb6 Ne7 36. a4 Bxc3 37. b5 axb5 38. axb5 Bd4+ 39. Kh2 Bxc5 40. Rb7
Nf5 41. b6 Be4 42. Rb8 Bd6 43. Re8 Nxg3 44. Kh3 Bc6 45. Rd8 Nf5 46. Kg4 Be7 47.
Rd3 Nd6 48. Rb3 Bb7 49. Re3 Bf6 50. Rd3 Nc4 51. Rd7 Ne5+ 0-1

[Event "U.S. Amateur North"]
[Site "Detroit, MI"]
[Date "1999.05.30"]
[Round "5"]
[White "Berry, DeMarcus"]
[Black "Levadi, David"]
[Result "1-0"]
[WhiteElo "1427"]
[BlackElo "1871"]
[PlyCount "70"]
[EventDate "1999.05.29"]

1. e4 Nc6 2. d4 e5 3. dxe5 Nxe5 4. f4 Ng6 5. Nf3 Bc5 6. Bc4 d6 7. Nc3 Be6 8.
Bd3 Nh4 9. Nxh4 Qxh4+ 10. g3 Qe7 11. f5 Bc8 12. Nd5 Qd8 13. Bd2 c6 14. Nf4 Qb6
15. Rf1 Qxb2 16. Bc4 Qe5 17. Ne2 Qxe4 18. Bd3 Qe7 19. Rf4 Nf6 20. g4 O-O 21. g5
Nd5 22. Re4 Qd7 23. Ng3 Re8 24. Qe2 Rxe4 25. Nxe4 Qe7 26. f6 Qe5 27. fxg7 Qxa1+
28. Qd1 Qxd1+ 29. Kxd1 Bg4+ 30. Kc1 Ba3+ 31. Kb1 Re8 32. g6 hxg6 33. Bh6 Rxe4
34. Bxe4 Nc3+ 35. Ka1 Nxe4 1-0

[Event "U.S. Amateur North"]
[Site "Detroit, MI"]
[Date "1999.05.30"]
[Round "5"]
[White "Aldrich, Jeff"]
[Black "Turner, Darrell"]
[Result "1-0"]
[WhiteElo "2056"]
[BlackElo "1841"]
[PlyCount "67"]
[EventDate "1999.05.29"]

1. d4 Nf6 2. c4 e6 3. Nf3 c5 4. d5 exd5 5. cxd5 d6 6. Nc3 g6 7. Bg5 Bg7 8. e4
O-O 9. Bd3 a6 10. a4 b6 11. O-O Re8 12. Qd2 Bg4 13. Qf4 Bxf3 14. Qxf3 Nbd7 15.
Qg3 Ne5 16. Be2 h6 17. Bd2 Qc7 18. f4 Ned7 19. Bf3 Rab8 20. Rae1 b5 21. axb5
axb5 22. f5 g5 23. h4 gxh4 24. Qxh4 Kh7 25. g4 Ne5 26. Bxh6 Nxf3+ 27. Rxf3 Rh8
28. Bxg7+ Kxg7 29. Qg5+ Kf8 30. Qxf6 Rh7 31. e5 Qe7 32. Qxe7+ Kxe7 33. f6+ Kd7
34. e6+ 1-0

[Event "Texas State Championship--Amateur"]
[Site "Dallas, Tex."]
[Date "1999.05.31"]
[Round "5"]
[White "Rubit, Ronnie"]
[Black "Moody, David"]
[Result "1-0"]
[WhiteElo "1842"]
[BlackElo "1959"]
[PlyCount "53"]
[EventDate "1999.05.29"]

1. e4 e5 2. Nf3 Nc6 3. Bc4 Nf6 4. d3 Bc5 5. Nc3 d6 6. Bg5 Be6 7. Nd5 Bxd5 8.
Bxd5 Qe7 9. c3 Nd8 10. Bb3 Ne6 11. Be3 Bb6 12. Qe2 Ng4 13. O-O Nxe3 14. fxe3
O-O-O 15. Kh1 g5 16. Nd2 g4 17. Nc4 Rdg8 18. a4 a6 19. Nxb6+ cxb6 20. d4 g3 21.
Qh5 Rg7 22. dxe5 Rhg8 23. exd6 Qxd6 24. Rxf7 Rg6 25. Rd1 Qc6 26. Qf5 gxh2 27.
Bd5 1-0

[Event "Texas State Championship--Amateur"]
[Site "Dallas, Tex."]
[Date "1999.05.31"]
[Round "6"]
[White "Moody, David"]
[Black "Bloom, Patrick"]
[Result "0-1"]
[WhiteElo "1959"]
[BlackElo "1779"]
[PlyCount "62"]
[EventDate "1999.05.29"]

1. e4 e6 2. d4 d5 3. Nc3 Nf6 4. Bg5 Be7 5. e5 Nfd7 6. h4 Bxg5 7. hxg5 Qxg5 8.
Nh3 Qe7 9. Nf4 Nc6 10. Nb5 Nf8 11. Nh5 Rg8 12. Rh3 a6 13. Nc3 Bd7 14. f4 O-O-O
15. f5 f6 16. Rg3 Qf7 17. Nxd5 exd5 18. e6 Nxe6 19. fxe6 Qxe6+ 20. Kf2 Qf5+ 21.
Kg1 g6 22. Bxa6 bxa6 23. Qe2 Nb8 24. Qe7 Qxh5 25. Qc5 Qh4 26. Rc3 Nc6 27. Rd1
Rge8 28. Qa3 Re1+ 29. Rxe1 Qxe1+ 30. Kh2 Qh4+ 31. Kg1 Qxd4+ 0-1

[Event "Michigan Junior Invitational"]
[Site "Ann Arbor, MI"]
[Date "1999.06.19"]
[Round "3.1"]
[White "Vasos, Brandon"]
[Black "Hartwig, Thomas"]
[Result "0-1"]
[WhiteElo "1044"]
[BlackElo "2090"]
[PlyCount "44"]
[EventDate "1999.06.19"]

1. e4 c5 2. Nf3 d6 3. Bc4 Nf6 4. e5 dxe5 5. Nxe5 e6 6. Nc3 Bd6 7. Nf3 O-O 8. d4
cxd4 9. Nxd4 a6 10. Bg5 Nbd7 11. Ne4 Qa5+ 12. c3 Nxe4 13. Be3 Nxc3 14. Qd2 Bb4
15. O-O Nd5 16. Qd3 Ne5 17. Qe4 Nxc4 18. Qg4 Ncxe3 19. fxe3 Nxe3 20. Qf4 Nxf1
21. Rxf1 e5 22. Qe4 exd4 0-1

[Event "Michigan Junior Invitational"]
[Site "Ann Arbor, MI"]
[Date "1999.06.19"]
[Round "1.3"]
[White "Vasos, Brandon"]
[Black "Berry, DeMarcus"]
[Result "0-1"]
[WhiteElo "1044"]
[BlackElo "1423"]
[PlyCount "80"]
[EventDate "1999.06.19"]

1. g4 d5 2. g5 e5 3. h4 Bd6 4. Bg2 c6 5. d3 Ne7 6. e4 Be6 7. Nf3 Qc7 8. Bd2 Nd7
9. Qe2 O-O-O 10. d4 dxe4 11. Qxe4 Bd5 12. Qe3 e4 13. Ne5 Nf5 14. Qe2 Nxd4 15.
Qd1 Nxe5 16. Nc3 Ndf3+ 17. Kf1 Bc4+ 18. Ne2 Bb4 19. c3 Rxd2 20. Qxd2 Nxd2+ 21.
Ke1 Nef3+ 22. Bxf3 Nxf3+ 23. Kf1 Bc5 24. b3 Bd3 25. b4 Bxf2 26. Kxf2 Qb6+ 27.
Kf1 Qe3 28. Kg2 Qxe2+ 29. Kg3 e3 30. Rhf1 Qxf1 31. Rxf1 Bxf1 32. Kxf3 e2 33.
Kf2 Re8 34. Ke1 Re3 35. c4 Rc3 36. c5 Rc1+ 37. Kf2 e1=Q+ 38. Kf3 Qe2+ 39. Kf4
Rc4+ 40. Kg3 Rg4# 0-1

[Event "Michigan Senior"]
[Site "Ann Arbor, MI"]
[Date "1999.06.19"]
[Round "1"]
[White "Vandivier, Don"]
[Black "Foord, Allan"]
[Result "1-0"]
[WhiteElo "1927"]
[BlackElo "1500"]
[PlyCount "31"]
[EventDate "1999.06.19"]

1. e4 c5 2. Nf3 d6 3. d4 cxd4 4. Nxd4 Nf6 5. Nc3 a6 6. Bg5 e6 7. f4 Be7 8. Qf3
Qc7 9. O-O-O h6 10. Bxf6 Bxf6 11. f5 Nc6 12. fxe6 fxe6 13. Qh5+ Ke7 14. Nf5+
Kf8 15. Nxd6 Be5 16. Qe8# 1-0

[Event "Michigan Senior"]
[Site "Ann Arbor, MI"]
[Date "1999.06.19"]
[Round "1"]
[White "Steen, Harold"]
[Black "Saylor, Oliver"]
[Result "0-1"]
[WhiteElo "1710"]
[BlackElo "1341"]
[PlyCount "114"]
[EventDate "1999.06.19"]

1. e4 e5 2. Nf3 Nc6 3. g3 Nf6 4. d3 Bc5 5. Bg2 d6 6. Nbd2 Be6 7. O-O Qd7 8. Re1
Ng4 9. Re2 h6 10. Nf1 Nf6 11. c3 Bh3 12. d4 Bxg2 13. Kxg2 Bb6 14. d5 Ne7 15.
Qd3 a6 16. Be3 Bxe3 17. Nxe3 Ng6 18. Nf5 Nh5 19. a4 Ngf4+ 20. gxf4 Nxf4+ 21.
Kf1 Nxd3 22. Nxg7+ Kd8 23. Nf5 Rg8 24. b4 f6 25. Rd2 Nf4 26. Ke1 h5 27. Kd1 b6
28. c4 Rg4 29. Nh6 Rg6 30. Nf5 Qf7 31. Kc2 Qg8 32. Ng3 Kc8 33. Nh4 Rg4 34. Nhf5
Qh7 35. f3 Rg5 36. h4 Rg8 37. a5 Qd7 38. axb6 cxb6 39. b5 a5 40. Ra4 Kc7 41.
Rd1 Ng6 42. Nxh5 Ne7 43. Nxf6 Rg2+ 44. Kd3 Qd8 45. Ne3 Rg3 46. Rf1 Ng6 47. Nh5
Nf4+ 48. Nxf4 exf4 49. Nf5 Rh3 50. Rf2 Qg8 51. Ra1 a4 52. Raa2 a3 53. Rg2 Rxf3+
54. Kd4 Qh8+ 55. Rg7+ Kb8 56. e5 Ra7 57. Rxa7 Qxe5# 0-1

[Event "Michigan Junior Invitational"]
[Site "Ann Arbor, MI"]
[Date "1999.06.19"]
[Round "1.1"]
[White "Solon, Nathan"]
[Black "Carl, Kevin"]
[Result "1-0"]
[WhiteElo "2035"]
[BlackElo "1936"]
[PlyCount "97"]
[EventDate "1999.06.19"]

1. d4 Nf6 2. c4 g6 3. Nc3 Bg7 4. e4 d6 5. f4 O-O 6. Nf3 Na6 7. Bd3 Bg4 8. O-O
e5 9. fxe5 dxe5 10. d5 Ne8 11. Rb1 c5 12. a3 b6 13. h3 Bd7 14. Bg5 f6 15. Bh4
Qc8 16. Qe2 Bh6 17. Bxf6 Nxf6 18. Nxe5 Bxh3 19. gxh3 Qxh3 20. Rf3 Qh5 21. Qh2
Qxh2+ 22. Kxh2 Ng4+ 23. Nxg4 Rxf3 24. Nxh6+ Kg7 25. Be2 Rxc3 26. bxc3 Kxh6 27.
d6 Rd8 28. e5 Nb8 29. Rd1 Re8 30. d7 Nxd7 31. Rxd7 Rxe5 32. Bf1 Re3 33. Rxa7
Rxc3 34. Ra6 Rb3 35. a4 Kg5 36. a5 bxa5 37. Rxa5 Rf3 38. Rxc5+ Kh4 39. Bg2 Rf2
40. Rc7 h5 41. c5 g5 42. c6 g4 43. Rg7 Rc2 44. c7 Rc1 45. Bb7 g3+ 46. Kg2 Rc3
47. Re7 Rc2+ 48. Kf1 Rc1+ 49. Ke2 1-0

[Event "Michigan Junior Invitational"]
[Site "Ann Arbor, MI"]
[Date "1999.06.19"]
[Round "2.1"]
[White "Solon, Nathan"]
[Black "Brumley, Ron"]
[Result "1-0"]
[WhiteElo "2035"]
[BlackElo "1870"]
[PlyCount "45"]
[EventDate "1999.06.19"]

1. e4 d6 2. d4 Nf6 3. Nc3 g6 4. f4 Bg7 5. Nf3 c5 6. Bb5+ Bd7 7. Bxd7+ Nfxd7 8.
d5 O-O 9. O-O Qb6 10. Qe2 e5 11. dxe6 fxe6 12. Qc4 Re8 13. Ng5 Nf8 14. f5 d5
15. Nxd5 Bd4+ 16. Kh1 exd5 17. Qxd5+ Kh8 18. Nf7+ Kg7 19. Bh6+ Kg8 20. Nd6+ Ne6
21. Nxe8 Na6 22. fxe6 Rxe8 23. e7+ 1-0

[Event "Michigan Junior Invitational"]
[Site "Ann Arbor, MI"]
[Date "1999.06.19"]
[Round "3.2"]
[White "Solon, Nathan"]
[Black "Berry, DeMarcus"]
[Result "1-0"]
[WhiteElo "2035"]
[BlackElo "1423"]
[PlyCount "93"]
[EventDate "1999.06.19"]

1. d4 Nf6 2. c4 c5 3. d5 b5 4. cxb5 a6 5. f3 axb5 6. e4 Ba6 7. e5 Ng8 8. f4 g6
9. Nf3 Bg7 10. Nc3 Qa5 11. a4 b4 12. Nb5 Nh6 13. d6 Bxb5 14. Bxb5 O-O 15. dxe7
Re8 16. O-O Nf5 17. g4 Nxe7 18. Be3 Rc8 19. Ng5 c4 20. Qd6 Nec6 21. Qd5 Rf8 22.
Bc5 Qd8 23. Bxf8 Qxf8 24. Bxc4 Ra5 25. Qxf7+ Qxf7 26. Nxf7 Kf8 27. f5 Rc5 28.
fxg6 Ke7 29. Rac1 hxg6 30. h4 Bxe5 31. Nxe5 Nxe5 32. Bb5 Rd5 33. Rfd1 Rxd1+ 34.
Rxd1 Nxg4 35. a5 Ne5 36. a6 Nec6 37. Bxc6 Nxc6 38. Ra1 Na7 39. Ra4 b3 40. Rb4
Nc6 41. Rb7 Ke6 42. a7 Nxa7 43. Rxa7 d5 44. Kf2 Ke5 45. Ke3 Ke6 46. Kd4 Kd6 47.
Ra6+ 1-0

[Event "Michigan Senior"]
[Site "Ann Arbor, MI"]
[Date "1999.06.19"]
[Round "2"]
[White "Sheridan, Gregory"]
[Black "Griffin, John"]
[Result "1-0"]
[WhiteElo "1882"]
[BlackElo "1500"]
[PlyCount "115"]
[EventDate "1999.06.19"]

1. e4 c5 2. Nf3 Nc6 3. d4 cxd4 4. c3 dxc3 5. Nxc3 e6 6. Bc4 Nge7 7. O-O a6 8.
a3 Ng6 9. Qe2 d6 10. Rd1 Qc7 11. Be3 Be7 12. Rac1 O-O 13. Ba2 b6 14. Na4 Rb8
15. Nd4 Nxd4 16. Bxd4 Qb7 17. Bxb6 Bd8 18. Rxd6 Bxb6 19. Nxb6 Ne7 20. b4 Qa7
21. Nxc8 Rfxc8 22. Rcd1 Kf8 23. Rxa6 Rc2 24. Qxc2 Qxa6 25. Qc7 Re8 26. Qc1 Ng6
27. Qc5+ Kg8 28. b5 Qa8 29. Qc6 Qxc6 30. bxc6 Rc8 31. Rc1 Ne7 32. Bb3 Nxc6 33.
Ba4 Na7 34. Rxc8+ Nxc8 35. f3 Kf8 36. Kf2 Ke7 37. Ke3 Nb6 38. Bb5 e5 39. a4 Kd6
40. f4 f6 41. a5 Nc8 42. a6 Kc5 43. Be2 Kd6 44. g4 g6 45. g5 exf4+ 46. Kxf4 Ke7
47. Bc4 fxg5+ 48. Kxg5 Kd6 49. Kf6 Kc5 50. Bd5 Kb6 51. Bb7 Nd6 52. e5 Ne8+ 53.
Kf7 Nc7 54. e6 g5 55. e7 g4 56. Bc8 Nb5 57. Bxg4 Kxa6 58. Be2 1-0

[Event "Michigan Senior"]
[Site "Ann Arbor, MI"]
[Date "1999.06.19"]
[Round "2"]
[White "Schey, Danny"]
[Black "Crysler, Jerry"]
[Result "1-0"]
[WhiteElo "1694"]
[BlackElo "1343"]
[PlyCount "123"]
[EventDate "1999.06.19"]

1. e4 g6 2. d4 Bg7 3. c4 c5 4. d5 d6 5. f4 f5 6. Nd2 fxe4 7. Nxe4 Bf5 8. Ng3
Bd7 9. Bd3 Na6 10. f5 Qa5+ 11. Bd2 Nb4 12. Be2 Bxb2 13. Rb1 Ba4 14. Bxb4 Qxb4+
15. Qd2 Bc3 16. Rxb4 Bxd2+ 17. Kxd2 cxb4 18. fxg6 hxg6 19. Bd3 Rh6 20. Nh3
O-O-O 21. Nf4 Rf8 22. Ke3 Be8 23. Ne6 Rf7 24. Ne4 Nf6 25. Nxf6 Rxf6 26. h3 Bf7
27. Nd4 Rh5 28. g4 Re5+ 29. Be4 Rf4 30. Kxf4 g5+ 31. Kf3 Kc7 32. Nb5+ Kb6 33.
Rb1 a5 34. a3 Kc5 35. Bd3 e6 36. axb4+ axb4 37. dxe6 Rxe6 38. Nc7 Rf6+ 39. Ke3
Rf4 40. Ra1 Bxc4 41. Rc1 Kb6 42. Na8+ Ka7 43. Ra1+ Ba6 44. Nc7 b3 45. Nxa6 bxa6
46. Rxa6+ Kb7 47. Rxd6 b2 48. Rd4 Rf6 49. Rb4+ Rb6 50. Rxb6+ Kxb6 51. Ke4 Kc6
52. Kf5 Kd6 53. Kxg5 Ke7 54. h4 Kf7 55. h5 Kg7 56. h6+ Kf7 57. Kf5 Kg8 58. Kf6
Kh8 59. g5 Kg8 60. g6 Kh8 61. Kf7 b1=Q 62. g7# 1-0

[Event "Michigan Senior"]
[Site "Ann Arbor, MI"]
[Date "1999.06.19"]
[Round "2"]
[White "Saylor, Oliver"]
[Black "Levadi, David"]
[Result "0-1"]
[WhiteElo "1341"]
[BlackElo "1871"]
[PlyCount "48"]
[EventDate "1999.06.19"]

1. e4 Nc6 2. d4 e5 3. Nf3 exd4 4. Nxd4 Qh4 5. Bd3 Nxd4 6. Bd2 Bc5 7. Be3 Nxc2+
8. Qxc2 Bxe3 9. O-O Bb6 10. Nd2 Ne7 11. Nc4 Nc6 12. Nxb6 axb6 13. a3 O-O 14.
Rae1 d6 15. Re3 Be6 16. f4 Rfc8 17. f5 Bd7 18. Rh3 Qd8 19. Qf2 Ne5 20. Be2 Qe7
21. Qg3 Qf6 22. Rf4 h6 23. Rfh4 Kh7 24. Rxh6+ gxh6 0-1

[Event "Michigan Senior"]
[Site "Ann Arbor, MI"]
[Date "1999.06.19"]
[Round "1"]
[White "Santiago, Reynaldo"]
[Black "Imai, Toshio"]
[Result "1-0"]
[WhiteElo "2000"]
[BlackElo "1519"]
[PlyCount "39"]
[EventDate "1999.06.19"]

1. e4 e5 2. Bc4 Nf6 3. Nc3 Bc5 4. Nf3 d6 5. d4 exd4 6. Nxd4 Bg4 7. f3 Bh5 8.
Nf5 O-O 9. Bg5 c6 10. a3 a5 11. Qd2 Bg6 12. g4 Nbd7 13. O-O-O Ne5 14. Be2 Bxf5
15. gxf5 b5 16. f4 Qb6 17. fxe5 b4 18. Na4 Nxe4 19. Nxb6 Nxd2 20. Rxd2 1-0

[Event "Michigan Senior"]
[Site "Ann Arbor, MI"]
[Date "1999.06.19"]
[Round "1"]
[White "Richter, William"]
[Black "Everett, Morgan"]
[Result "0-1"]
[WhiteElo "1561"]
[BlackElo "2134"]
[PlyCount "56"]
[EventDate "1999.06.19"]

1. d4 Nf6 2. Nc3 d5 3. e4 dxe4 4. f3 exf3 5. Nxf3 Bg4 6. Bc4 Nbd7 7. O-O e6 8.
h3 Bxf3 9. Rxf3 c6 10. Be3 Bd6 11. Qe2 O-O 12. Raf1 Qa5 13. Bf4 Bxf4 14. Rxf4
Rfd8 15. Bd3 Qg5 16. Ne4 Nxe4 17. Qxe4 g6 18. Qe1 Kg7 19. Rg4 Qe7 20. h4 h5 21.
Rg5 f5 22. Qg3 Qf6 23. c3 Kh6 24. Qf4 Kh7 25. Rf3 e5 26. dxe5 Nxe5 27. Rfg3 Ng4
28. Bxf5 Rd1+ 0-1

[Event "Michigan Senior"]
[Site "Ann Arbor, MI"]
[Date "1999.06.19"]
[Round "1"]
[White "Poniatowski, Don"]
[Black "Vasos, John"]
[Result "0-1"]
[WhiteElo "1283"]
[BlackElo "1048"]
[PlyCount "76"]
[EventDate "1999.06.19"]

1. e4 e5 2. Nf3 Nc6 3. d4 exd4 4. Nxd4 Nxd4 5. Qxd4 b6 6. Nc3 Bc5 7. Qxg7 Qf6
8. Qxf6 Nxf6 9. h3 Bb7 10. Bd3 Rg8 11. g3 O-O-O 12. g4 d5 13. f3 dxe4 14. fxe4
Rge8 15. Bd2 Nxe4 16. Nxe4 Bxe4 17. Bxe4 Rxe4+ 18. Kd1 Be3 19. Rh2 Red4 20. c3
Rxd2+ 21. Rxd2 Rxd2+ 22. Ke1 Rxb2 23. c4 Rh2 24. Rd1 Rxh3 25. Rd3 Bf2+ 26. Ke2
Rxd3 27. Kxd3 c5 28. Ke4 Kd7 29. Kd5 Bd4 30. a3 a5 31. a4 Bf6 32. Ke4 Kd6 33.
Kf5 Bg7 34. Ke4 Ke6 35. Kf4 h6 36. Ke4 f6 37. Kf4 Bf8 38. Ke4 Bd6 0-1

[Event "Michigan Senior"]
[Site "Ann Arbor, MI"]
[Date "1999.06.19"]
[Round "1"]
[White "Moyle, Jim"]
[Black "Schey, Danny"]
[Result "1-0"]
[WhiteElo "1336"]
[BlackElo "1694"]
[PlyCount "81"]
[EventDate "1999.06.19"]

1. e4 d5 2. e5 c5 3. d4 cxd4 4. Qxd4 Nc6 5. Qf4 Nh6 6. h3 Bf5 7. c3 e6 8. b4
Qc7 9. Nf3 Rc8 10. Bb2 f6 11. Bb5 Kf7 12. Bxc6 bxc6 13. Na3 Rb8 14. Rd1 a5 15.
g4 Be4 16. Ng5+ Kg8 17. Nxe4 dxe4 18. Nc4 axb4 19. Qxe4 f5 20. Qf4 bxc3 21.
Bxc3 Bb4 22. Bd2 Kf7 23. g5 Bxd2+ 24. Rxd2 Rb1+ 25. Rd1 Rxd1+ 26. Kxd1 Rd8+ 27.
Nd6+ Rxd6+ 28. exd6 Qb7 29. gxh6 Qb1+ 30. Qc1 Qd3+ 31. Qd2 Qb1+ 32. Qc1 Qd3+
33. Ke1 Qe4+ 34. Kd2 Qf4+ 35. Ke2 Qe4+ 36. Kd2 Qf4+ 37. Kc2 Qxf2+ 38. Kb1 gxh6
39. Rd1 Qb6+ 40. Qb2 Qd8 41. Qb7+ 1-0

[Event "Michigan Senior"]
[Site "Ann Arbor, MI"]
[Date "1999.06.19"]
[Round "2"]
[White "Moore, Robert"]
[Black "Poniatowski, Don"]
[Result "1-0"]
[WhiteElo "1600"]
[BlackElo "1283"]
[PlyCount "129"]
[EventDate "1999.06.19"]

1. e4 Nf6 2. e5 Nd5 3. c4 Nb6 4. d4 d6 5. f4 dxe5 6. fxe5 Bf5 7. Nc3 e6 8. Nf3
Nc6 9. a3 Bg4 10. Be3 Bxf3 11. gxf3 Qh4+ 12. Bf2 Qf4 13. c5 Nd5 14. Nxd5 exd5
15. Bb5 Be7 16. Qd2 Qxf3 17. Rf1 Qe4+ 18. Kd1 Qg4+ 19. Be2 Qh3 20. Bg3 O-O-O
21. Qf4 Qh6 22. Bg4+ Kb8 23. Qxh6 gxh6 24. Rxf7 Rdf8 25. e6 Nxd4 26. Be5 Rhg8
27. Bxd4 Rxg4 28. Rxf8+ Bxf8 29. Bf2 Re4 30. Kd2 Rxe6 31. Rg1 Rg6 32. Re1 a6
33. Re8+ Ka7 34. Rxf8 Rg2 35. h4 c6 36. Rf7 a5 37. Ke2 Rg4 38. Kd3 Rg2 39. Ke3
Rg4 40. Rf4 Rg6 41. Kd4 Re6 42. Be3 h5 43. Kd3 Rg6 44. Rf5 Rg2 45. b3 Rb2 46.
Kc3 Re2 47. Bd4 Rg2 48. Rxh5 Rg3+ 49. Kc2 Rg2+ 50. Kb1 Rg3 51. Ka2 Rg4 52. Bc3
Rg2+ 53. Kb1 Rg1+ 54. Kc2 Rg2+ 55. Bd2 Rg7 56. Bxa5 Rg2+ 57. Bd2 Rg7 58. Rg5
Rxg5 59. hxg5 b5 60. cxb6+ Kxb6 61. Kc3 c5 62. b4 cxb4+ 63. axb4 Kc6 64. Kd4
Kb5 65. Kxd5 1-0

[Event "Michigan Senior"]
[Site "Ann Arbor, MI"]
[Date "1999.06.19"]
[Round "1"]
[White "Merte, Otto"]
[Black "Sheridan, Gregory"]
[Result "1-0"]
[WhiteElo "1465"]
[BlackElo "1882"]
[PlyCount "53"]
[EventDate "1999.06.19"]

1. c4 Nf6 2. Nc3 e6 3. e4 d5 4. e5 d4 5. exf6 dxc3 6. bxc3 Qxf6 7. d4 c5 8. Nf3
cxd4 9. Bg5 Qf5 10. cxd4 Bb4+ 11. Bd2 Bxd2+ 12. Qxd2 O-O 13. Bd3 Qf6 14. O-O
Nc6 15. Bc2 Rd8 16. Rfd1 Nxd4 17. Nxd4 e5 18. Qd3 g6 19. Qf3 Qg5 20. Nb3 Be6
21. Nc5 Bxc4 22. Nxb7 Rxd1+ 23. Rxd1 Rb8 24. Bb3 Bxb3 25. axb3 Qe7 26. Na5 Qb4
27. Nc6 1-0

[Event "Michigan Senior"]
[Site "Ann Arbor, MI"]
[Date "1999.06.19"]
[Round "2"]
[White "Mandell, Ed"]
[Black "Richter, William"]
[Result "1-0"]
[WhiteElo "1074"]
[BlackElo "1561"]
[PlyCount "81"]
[EventDate "1999.06.19"]

1. e4 c5 2. Bc4 e6 3. d3 Nc6 4. Nf3 a6 5. a4 Qc7 6. g3 Nf6 7. Nc3 Be7 8. Qe2
O-O 9. e5 Ng4 10. Bf4 d6 11. exd6 Bxd6 12. Bxd6 Qxd6 13. Ne4 Qe7 14. Nfd2 Nf6
15. O-O-O b5 16. axb5 axb5 17. Bxb5 Nd4 18. Qe3 Nxb5 19. Qxc5 Qxc5 20. Nxc5 Ng4
21. Rdf1 Nd4 22. h3 Ra5 23. Ncb3 Nxb3+ 24. Nxb3 Rg5 25. hxg4 Rxg4 26. Rh4 Rxh4
27. gxh4 Ba6 28. c4 Rc8 29. Kd2 Bb7 30. Na5 Bf3 31. b4 e5 32. Re1 f6 33. b5 Kf7
34. Kc3 Ra8 35. Kb4 Rd8 36. Re3 Ba8 37. b6 Rd7 38. Kb5 Ke6 39. Ka6 Rd6 40. Ka7
Bg2 41. f3 1-0

[Event "Michigan Senior"]
[Site "Ann Arbor, MI"]
[Date "1999.06.19"]
[Round "1"]
[White "Levadi, David"]
[Black "Serwatowski, Felix"]
[Result "1-0"]
[WhiteElo "1871"]
[BlackElo "1400"]
[PlyCount "51"]
[EventDate "1999.06.19"]

1. Nc3 e5 2. Nf3 Nc6 3. d4 exd4 4. Nxd4 Nf6 5. Bg5 Be7 6. Nf5 O-O 7. Nxe7+ Nxe7
8. Bxf6 gxf6 9. Qd2 d5 10. O-O-O c6 11. e4 Be6 12. Qh6 Ng6 13. h4 Ne5 14. f3
Kh8 15. exd5 cxd5 16. Bd3 Nxd3+ 17. Rxd3 d4 18. Rhd1 Qe7 19. Rxd4 Rad8 20. Ne4
Rxd4 21. Rxd4 Rc8 22. Qxf6+ Qxf6 23. Nxf6 Kg7 24. Ne4 Bxa2 25. Nd6 Rc7 26. Ne8+
1-0